Machine Learning and Bitcoin Price Prediction

Rýchlo sa meniaci finančný svet pomocou inovatívnych technológií na vytváranie nových alebo modernizáciu existujúcich obchodných modelov na vytváranie finančných inovatívnych spoločností - FinTech. Strojové učenie ako inovatívna technológia a bitcoin ako predstaviteľ nového inovatívneho obchodného m...

Descripción completa

Guardado en:
Detalles Bibliográficos
Autor principal: Cibuľa, Milan, 1995-
Formato: Capítulo de libro
Lenguaje:inglés
Materias:
Etiquetas: Agregar Etiqueta
Sin Etiquetas, Sea el primero en etiquetar este registro!

MARC

LEADER 00000naa a2200000 4500
001 0268589
005 20260205072351.4
041 0 |a eng 
044 |a SK 
245 1 0 |a Machine Learning and Bitcoin Price Prediction  |c Milan Cibuľa 
520 |a Rýchlo sa meniaci finančný svet pomocou inovatívnych technológií na vytváranie nových alebo modernizáciu existujúcich obchodných modelov na vytváranie finančných inovatívnych spoločností - FinTech. Strojové učenie ako inovatívna technológia a bitcoin ako predstaviteľ nového inovatívneho obchodného modelu - kryptomeny. 
610 2 0 |a mena virtuálna 
610 2 0 |a technológie nové 
610 2 0 |a inovácie technologické 
610 2 0 |a predvídanie 
610 2 0 |a modely obchodné 
100 1 |a Cibuľa, Milan, 1995-